[Event "Zonal 3.3 Online"]
[Site "Tornelo INT"]
[Date "2021.05.08"]
[Round "8"]
[White "Umayan, Gabriel John"]
[Black "Umayan, Samantha Babol"]
[Result "1-0"]
[WhiteElo "1524"]
[BlackElo "1553"]
[PlyCount "97"]
[EventDate "2021.05.01"]
[EventType "swiss"]
[EventRounds "9"]
[EventCountry "PHI"]
[SourceTitle "CBM 202 Extra"]
[Source "ChessBase"]
[SourceDate "2021.07.31"]
[SourceVersion "1"]
[SourceVersionDate "2021.07.31"]
[SourceQuality "1"]

1. d4 d5 2. c4 e6 3. cxd5 exd5 4. Nc3 Nf6 5. Bf4 c6 6. Qc2 Bd6 7. Bxd6 Qxd6 8. e3 Bg4 9. Be2 0-0 10. Bxg4 Nxg4 11. h3 Nf6 12. Nf3 Nbd7 13. 0-0 Rfe8 14. Rfe1 Ne4 15. a3 b5 16. Nxe4 dxe4 17. Nd2 Qd5 18. Rec1 Rac8 19. Nb3 g6 20. Nc5 Nb6 21. a4 Re7 22. axb5 cxb5 23. Qe2 Nc4 24. b3 Nd6 25. Ra6 Rec7 26. Rca1 Nb7 27. b4 Nxc5 28. dxc5 Qc4 29. Qxc4 bxc4 30. Rxa7 Rxa7 31. Rxa7 c3 32. Ra1 c2 33. Rc1 Rb8 34. c6 Rxb4 35. Rxc2 Rb8 36. Kf1 Kf8 37. Rc4 Rc8 38. Ke2 f5 39. Kd2 Ke7 40. Kc3 Kd6 41. Kd4 Kc7 42. Kc5 Ra8 43. Rb4 Ra2 44. Rb7+ Kc8 45. Rxh7 Rxf2 46. Kd6 Rd2+ 47. Ke6 Rxg2 48. Rg7 Rg3 49. Kd6 1-0

[Event "Zonal 3.3 Online"]
[Site "Tornelo INT"]
[Date "2021.05.06"]
[Round "6"]
[White "Diez, Allan"]
[Black "Umayan, Samantha Babol"]
[Result "1/2-1/2"]
[WhiteElo "2069"]
[BlackElo "1553"]
[PlyCount "96"]
[EventDate "2021.05.01"]
[EventType "swiss"]
[EventRounds "9"]
[EventCountry "PHI"]
[SourceTitle "CBM 202 Extra"]
[Source "ChessBase"]
[SourceDate "2021.07.31"]
[SourceVersion "1"]
[SourceVersionDate "2021.07.31"]
[SourceQuality "1"]

1. d4 Nf6 2. c4 g6 3. Nc3 Bg7 4. e4 d6 5. Nf3 0-0 6. Be2 e5 7. 0-0 Na6 8. Re1 exd4 9. Nxd4 Re8 10. f3 c6 11. Nc2 Be6 12. Be3 Nc7 13. Qd2 d5 14. cxd5 cxd5 15. e5 Nd7 16. f4 f6 17. Bf3 fxe5 18. Nxd5 Nxd5 19. Bxd5 Nb6 20. Bxb7 Qxd2 21. Bxd2 Rad8 22. Bc3 exf4 23. Bxg7 Kxg7 24. b3 Bd5 25. Rxe8 Rxe8 26. Bxd5 Nxd5 27. Rd1 Re5 28. Re1 Kf6 29. Rxe5 Kxe5 30. Na3 Nc3 31. Nc4+ Kd5 32. a4 Kc5 33. Ne5 Kb4 34. Nc6+ Kxb3 35. Nxa7 Kxa4 36. Nc6 Kb5 37. Nd4+ Kc4 38. Ne6 Nd5 39. Kf2 Nf6 40. Kf3 Kd5 41. Nxf4+ Ke5 42. g4 Ne4 43. h4 g5 44. hxg5 Nxg5+ 45. Kg3 Ne4+ 46. Kf3 Ng5+ 47. Kg3 Ne4+ 48. Kf3 Ng5+ 1/2-1/2

[Event "Wch FIDE Online U14 Girls Asia qual"]
[Site "Tornelo INT"]
[Date "2020.12.12"]
[Round "3"]
[White "Umayan, Samantha Babol"]
[Black "Saadatmandi, Elina"]
[Result "0-1"]
[WhiteElo "1553"]
[BlackElo "1531"]
[PlyCount "48"]
[EventDate "2020.12.11"]
[EventType "swiss (rapid)"]
[EventRounds "7"]
[EventCountry "ISS"]
[SourceTitle "EXT 2022"]
[Source "ChessBase"]
[SourceDate "2021.10.06"]
[SourceVersion "1"]
[SourceVersionDate "2021.10.06"]
[SourceQuality "1"]

1. e4 Nf6 2. e5 Nd5 3. d4 d6 4. Nf3 Nc6 5. Be2 Bf5 6. exd6 exd6 7. 0-0 Be7 8. c4 Nf6 9. Re1 0-0 10. h3 d5 11. Bf4 dxc4 12. Bxc4 Bb4 13. Nc3 Qd7 14. Rc1 Rad8 15. a3 Ba5 16. d5 Ne7 17. b4 Bb6 18. Qb3 Nexd5 19. Nxd5 Nxd5 20. Rcd1 c6 21. Ne5 Qe6 22. Bxd5 Rxd5 23. Qg3 Rxd1 24. Rxd1 Bg6 0-1

[Event "Eastern Asia-ch U20 Girls"]
[Site "Batangas"]
[Date "2019.12.14"]
[Round "7"]
[White "Elisabeth, Christine"]
[Black "Umayan, Samantha Babol"]
[Result "1-0"]
[WhiteElo "1868"]
[BlackElo "1523"]
[PlyCount "65"]
[EventDate "2019.12.10"]
[EventType "swiss"]
[EventRounds "9"]
[EventCountry "PHI"]
[SourceTitle "CBM 193 Extra"]
[Source "ChessBase"]
[SourceDate "2020.01.31"]
[SourceVersion "1"]
[SourceVersionDate "2020.01.31"]
[SourceQuality "1"]

1. d4 d5 2. Nf3 Nf6 3. c4 c6 4. Nc3 dxc4 5. a4 Bf5 6. Ne5 Nbd7 7. Nxc4 Qc7 8. g3 e5 9. dxe5 Nxe5 10. Bf4 Nfd7 11. Bg2 g5 12. Ne3 gxf4 13. Nxf5 0-0-0 14. Qc2 Nc5 15. 0-0 fxg3 16. hxg3 a5 17. Rac1 Kb8 18. Ne4 Nxe4 19. Qxe4 Bb4 20. Rfd1 Rhe8 21. Qc2 Qb6 22. Ne3 h5 23. Nc4 Nxc4 24. Qxc4 Bd2 25. Rxd2 Rd4 26. Rd3 Rxd3 27. Qf4+ Ka7 28. Qd2 Rd4 29. b3 h4 30. gxh4 Rxh4 31. Rc3 Rd4 32. Kh2 Rb4 33. Rd3 1-0

[Event "PHI-ch (Women)"]
[Site "Quezon City"]
[Date "2019.09.10"]
[Round "12"]
[White "Umayan, Samantha Babol"]
[Black "Allaney, Jia G Doroy"]
[Result "1/2-1/2"]
[WhiteElo "1444"]
[BlackElo "1922"]
[PlyCount "152"]
[EventDate "2019.09.04"]
[EventType "tourn"]
[EventRounds "13"]
[EventCountry "PHI"]
[SourceTitle "EXT 2020"]
[Source "ChessBase"]
[SourceDate "2019.10.17"]
[SourceVersion "1"]
[SourceVersionDate "2019.10.17"]
[SourceQuality "1"]

1. e4 g6 2. d4 Bg7 3. Nf3 c5 4. dxc5 Qa5+ 5. c3 Qxc5 6. Na3 Nf6 7. e5 Ng4 8. Qd4 Qxd4 9. cxd4 0-0 10. Bg5 f6 11. Bc4+ Kh8 12. exf6 Bxf6 13. Bxf6+ Nxf6 14. 0-0 Nc6 15. Rfe1 d6 16. h3 a6 17. d5 Nb4 18. Rad1 Re8 19. Nb1 b5 20. Bb3 a5 21. a3 Na6 22. Nc3 Nc5 23. Bc2 Bd7 24. Nd4 b4 25. Ne4 Ncxe4 26. Bxe4 bxa3 27. bxa3 Rac8 28. Bf3 Rc5 29. Rc1 Nxd5 30. Rxc5 dxc5 31. Nb3 Nf4 32. Nxc5 Bf5 33. Be4 Bxe4 34. Rxe4 Nd5 35. Ra4 Ra8 36. Nb3 Rb8 37. Nd4 Ra8 38. Nc6 Ra6 39. Rxa5 Rxc6 40. Rxd5 Rc1+ 41. Kh2 Rc2 42. f3 Ra2 43. Ra5 Kg7 44. Ra8 h5 45. h4 Kf6 46. a4 Ke6 47. a5 Kf6 48. Kg3 Ke6 49. a6 Kf6 50. Kh3 Ra3 51. Kg3 Ra2 52. Kf4 Ra4+ 53. Ke3 Kf7 54. g3 Ra3+ 55. Ke4 Ra4+ 56. Kd5 Ra3 57. Ke4 Ra4+ 58. Ke5 Ra5+ 59. Kf4 Ra4+ 60. Kg5 Kg7 61. Ra7 Ra5+ 62. Kf4 Ra4+ 63. Ke5 Kf7 64. Ra8 Ra5+ 65. Kd4 Ra3 66. Ke4 Ra4+ 67. Ke5 Ra5+ 68. Kf4 Ra4+ 69. Kg5 Kg7 70. g4 Ra5+ 71. Kf4 Ra4+ 72. Kg3 hxg4 73. fxg4 Ra3+ 74. Kf4 Ra4+ 75. Kf3 Ra3+ 76. Ke4 Ra4+ 1/2-1/2

[Event "PHI-ch (Women)"]
[Site "Quezon City"]
[Date "2019.09.08"]
[Round "8"]
[White "Alcantara, May Ann"]
[Black "Umayan, Samantha Babol"]
[Result "1/2-1/2"]
[WhiteElo "1796"]
[BlackElo "1444"]
[PlyCount "96"]
[EventDate "2019.09.04"]
[EventType "tourn"]
[EventRounds "13"]
[EventCountry "PHI"]
[SourceTitle "EXT 2020"]
[Source "ChessBase"]
[SourceDate "2019.10.17"]
[SourceVersion "1"]
[SourceVersionDate "2019.10.17"]
[SourceQuality "1"]

1. b3 Nf6 2. Bb2 g6 3. Bxf6 exf6 4. e3 Bg7 5. d4 f5 6. c3 b6 7. Be2 Bb7 8. Bf3 d5 9. Ne2 0-0 10. Nd2 Nd7 11. 0-0 Nf6 12. Rc1 Ne4 13. g3 Rc8 14. Bg2 Qe7 15. Rc2 Rfe8 16. Nxe4 fxe4 17. c4 Red8 18. Qb1 f5 19. Nc3 c5 20. dxc5 Rxc5 21. Nxd5 Bxd5 22. cxd5 Rcxd5 23. Rfc1 Be5 24. Bf1 Rd2 25. b4 Kh8 26. Qb3 Qd7 27. a4 Rxc2 28. Qxc2 Qd2 29. Qc4 Kg7 30. Kg2 Qd5 31. Qa6 Qd7 32. a5 bxa5 33. Qxa5 Qe7 34. Rc6 Bb8 35. Bc4 Qb7 36. Qa1+ Kh6 37. b5 Rd6 38. Rxd6 Bxd6 39. Qf6 Qe7 40. Qc3 Be5 41. Qb3 Qc5 42. h4 Qd6 43. Bg8 Qc7 44. Bc4 Qd6 45. Qa2 Qc7 46. Be2 Kg7 47. Qd5 Qd6 48. Qb7+ Qc7 1/2-1/2

[Event "PHI-ch (Women)"]
[Site "Quezon City"]
[Date "2019.09.05"]
[Round "3"]
[White "Umayan, Samantha Babol"]
[Black "Mendoza, Shania Mae"]
[Result "0-1"]
[WhiteElo "1444"]
[BlackElo "2169"]
[PlyCount "128"]
[EventDate "2019.09.04"]
[EventType "tourn"]
[EventRounds "13"]
[EventCountry "PHI"]
[SourceTitle "EXT 2020"]
[Source "ChessBase"]
[SourceDate "2019.10.17"]
[SourceVersion "1"]
[SourceVersionDate "2019.10.17"]
[SourceQuality "1"]

1. d4 d5 2. c4 c6 3. Nf3 Nf6 4. Nc3 e6 5. e3 a6 6. Qc2 Nbd7 7. b3 Be7 8. Bd3 c5 9. 0-0 Qc7 10. Bb2 0-0 11. cxd5 exd5 12. Ne5 b5 13. Nxd7 Bxd7 14. dxc5 Qxc5 15. Rac1 Qd6 16. e4 Ng4 17. g3 Qh6 18. f3 Ne3 19. Qe2 Nxf1 20. Nxd5 Bg5 21. Rxf1 Bc6 22. f4 Bd8 23. Bd4 Bxd5 24. exd5 Bb6 25. Qf2 Bxd4 26. Qxd4 Rad8 27. Be4 Rfe8 28. Qd3 Qb6+ 29. Kg2 h6 30. Rd1 Rd6 31. Kf3 Rc8 32. Qe3 Qa5 33. Bb1 Qc3 34. Qxc3 Rxc3+ 35. Ke4 Kf8 36. Kd4 b4 37. Bd3 a5 38. Rd2 Rc7 39. Re2 g6 40. f5 Kg7 41. Ke5 Rcd7 42. Bc4 gxf5 43. Kxf5 Rf6+ 44. Kg4 Rdd6 45. h3 Rf1 46. Rd2 f5+ 47. Kh4 Re1 48. Rf2 Re4+ 49. Kh5 Rg6 50. Rxf5 Rxg3 51. Bf1 Rg5+ 52. Rxg5+ hxg5 53. Kxg5 Re5+ 54. Kf4 Rxd5 55. Ke4 Rd2 56. Bc4 Rxa2 57. Kd4 Rc2 58. Kc5 Kf6 59. Kb5 Ra2 60. h4 Kg6 61. Kc5 Kh5 62. Bb5 Kxh4 63. Kc4 Kg3 64. Ba4 Rxa4 0-1

[Event "PHI-ch (Women)"]
[Site "Quezon City"]
[Date "2019.09.04"]
[Round "2"]
[White "Frayna, Janelle Mae"]
[Black "Umayan, Samantha Babol"]
[Result "1-0"]
[WhiteElo "2206"]
[BlackElo "1444"]
[PlyCount "33"]
[EventDate "2019.09.04"]
[EventType "tourn"]
[EventRounds "13"]
[EventCountry "PHI"]
[SourceTitle "EXT 2020"]
[Source "ChessBase"]
[SourceDate "2019.10.17"]
[SourceVersion "1"]
[SourceVersionDate "2019.10.17"]
[SourceQuality "1"]

1. Nf3 d5 2. c4 c6 3. g3 Nf6 4. Bg2 dxc4 5. 0-0 Bf5 6. a4 e6 7. b3 Be7 8. bxc4 0-0 9. d3 Qc7 10. Bf4 Bd6 11. e4 e5 12. c5 Bxc5 13. Bxe5 Bd6 14. Bxf6 gxf6 15. exf5 Nd7 16. d4 c5 17. Nc3 1-0

[Event "Eastern Asia-ch U14 Girls 4th"]
[Site "Bangkok"]
[Date "2019.08.06"]
[Round "6.1"]
[White "Umayan, Samantha Babol"]
[Black "Wan, Qian"]
[Result "1/2-1/2"]
[WhiteElo "1396"]
[BlackElo "1970"]
[PlyCount "51"]
[EventDate "2019.08.02"]
[EventType "swiss"]
[EventRounds "9"]
[EventCountry "THA"]
[SourceTitle "EXT 2024"]
[Source "ChessBase"]
[SourceDate "2023.10.10"]
[SourceVersion "1"]
[SourceVersionDate "2023.10.10"]
[SourceQuality "1"]

1. e4 e5 2. Nf3 Nc6 3. Nc3 Nf6 4. d4 exd4 5. Nxd4 Bb4 6. Nxc6 bxc6 7. Bd3 0-0 8. 0-0 d5 9. exd5 cxd5 10. Bg5 c6 11. Ne2 Bd6 12. Qd2 Be5 13. c3 Qb6 14. Rae1 Ng4 15. Bf4 Qc7 16. h3 Bxf4 17. Qxf4 Ne5 18. Nd4 f6 19. Re3 Qf7 20. Rfe1 Bd7 21. Nf5 Bxf5 22. Bxf5 g6 23. Qg3 Qg7 24. f4 gxf5 25. Qxg7+ Kxg7 26. fxe5 1/2-1/2